| 000 | 00713nam a2200205 i 4500 | ||
|---|---|---|---|
| 001 | 113042 | ||
| 003 | ES-MaACL | ||
| 005 | 20250806014156.0 | ||
| 007 | t| | ||
| 008 | 061121s1940 sp |||| | spa d | ||
| 100 | 1 |
_aMusser, John H. _9217334 |
|
| 245 | 1 | 0 |
_aMedicina interna _b: teoría y práctica / _cJohn H. Musser ; en colaboración con otros autores alemanes ; traducción de la 2ª ed. inglesa por Agustín del Río e Isidro Pertierra. |
| 260 |
_aMadrid : _bEspasa Calpe, _c1940. |
||
| 300 |
_a2 v. ; _c25 cm. |
||
| 650 | 0 | 7 |
_aMedicina interna _2embne _914925 |
| 700 | 1 |
_aRío, Agustín del. _997294 |
|
| 700 | 1 |
_aPertierra, Isidro. _991408 |
|
| 852 |
_aES-MaACL _jE-790-91 |
||
| 999 |
_c113042 _d113042 |
||